000 02378nam0a2200361 4500
001 RU\NLR\BIBL_A\011366976
005 20240922003634.0
010 _a9785928214210
_9500
021 _aRU
_b2017-18036
_91328
035 _a(RuMoRGB)008825328
035 _a(NLR Aleph) 011366976
090 _a11329675
_c11329675
100 _a20170413d2016 k y0rusy50 ca
101 0 _arus
102 _aRU
105 _aa|||zzzz0|1zy
200 1 _aДлительные экспериментальные исследования моделей железобетонных конструкций с трещинами в агрессивной хлоридсодержащей среде
_e[монография]
_fВ. Н. Мигунов
_gМинистерство образования и науки Российской Федерации, Федеральное государственное бюджетное образовательное учреждение высшего образования "Пензенский государственный университет архитектуры и строительства" (ПГУАС)
210 _aПенза
_cИзд-во ПГУАС
_d2016
215 _a403 с.
_cил.
_d21
320 _aБиблиогр.: с. 355-401 (581 назв.)
606 _aСтроительство -- Строительные конструкции -- Железобетонные конструкции -- Коррозия и защита от неё -- Исследования
_2rubbk
606 _aСтроительство -- Строительные конструкции -- Железобетонные конструкции -- Железобетонные колонны -- Экспериментальные исследования
_2rubbk
606 _aЖелезобетонные конструкции
_xВлияние агрессивных сред
_92290382
_3RU\NLR\AUTH\661371743
606 _aЖелезобетонные конструкции
_xТрещинообразование
_91051505
_3RU\NLR\AUTH\66406516
686 _aН53-082.04-1,0
_2rubbk
686 _aН539.11-01-07,0
_2rubbk
686 _aН53-082.04
686 1 _aН53-028
700 1 _aМигунов
_bВ. Н.
_gВиктор Николаевич
942 _cBOOK
980 _aNBR